| 000 | 00956nam a22002417a 4500 | ||
|---|---|---|---|
| 008 | 240605b mp ||||| |||| 00| 0 mon d | ||
| 020 | _a978-99929-955-9-9 | ||
| 035 | _a8819 | ||
| 040 |
_aDA0445040 _bmon _cMN-UlNLM _dMN-UlNLM _erda |
||
| 041 | _amon | ||
| 042 | _a55052 | ||
| 084 |
_221 _a070.4 _bБ.109 |
||
| 100 | _aБаасансүрэн Т. | ||
| 245 | 0 | _aЭлчин сэтгүүлчийн тэмдэглэл | |
| 264 |
_aУлаанбаатар _bМОНЦАМЭ агентлагийн ХҮ _c2012 |
||
| 300 | _a487 х. | ||
| 336 |
_2rdacontent _atext _btxt |
||
| 337 |
_2rdamedia _aunmediated _bn |
||
| 338 |
_2rdacarrier _avolume _bnc |
||
| 650 | _aНийтлэл, Шилдэг нийтлэл, Тэмдэглэл, Сэтгүүлчийн тэмдэглэл, Польшийн тухай тэмдэглэл, Балтын гурван орон, Украин орноор ... | ||
| 942 |
_210-t _cBK |
||
| 999 |
_c745040 _d745097 |
||